[Event "Nezhmetdinov Memorial 39th"]
[Site "Kazan"]
[Date "2017.06.06"]
[Round "7"]
[White "Khaziev, Almir"]
[Black "Karamov, Stepan"]
[Result "0-1"]
[WhiteElo "1897"]
[BlackElo "1760"]
[PlyCount "66"]
[EventDate "2017.05.31"]
[EventType "swiss"]
[EventRounds "9"]
[EventCountry "RUS"]
[SourceTitle "EXT 2018"]
[Source "ChessBase"]
[SourceDate "2017.10.13"]
[SourceVersion "1"]
[SourceVersionDate "2017.10.13"]
[SourceQuality "1"]

1. e4 c5 2. c4 e6 3. Nc3 Nc6 4. g3 g6 5. Bg2 Bg7 6. d3 Nge7 7. Nge2 b6 8. 0-0 Bb7 9. Nb5 d6 10. Bf4 e5 11. Be3 Nd4 12. Nbxd4 cxd4 13. Bd2 f5 14. f4 0-0 15. Nc1 Qc7 16. Qe1 a6 17. Nb3 Rac8 18. a4 Qd7 19. Bc1 Bc6 20. a5 b5 21. Nd2 Qe6 22. b3 Bh6 23. exf5 gxf5 24. Bxc6 Nxc6 25. Qe2 bxc4 26. bxc4 d5 27. cxd5 Qxd5 28. Qf3 Rcd8 29. fxe5 Nxe5 30. Qxd5+ Rxd5 31. Nf3 Bxc1 32. Rfxc1 Nxf3+ 33. Kg2 Ne5 0-1

[Event "Nezhmetdinov Memorial 39th"]
[Site "Kazan"]
[Date "2017.06.01"]
[Round "2"]
[White "Mischeryakov, Alexey"]
[Black "Karamov, Stepan"]
[Result "1/2-1/2"]
[WhiteElo "1940"]
[BlackElo "1760"]
[PlyCount "80"]
[EventDate "2017.05.31"]
[EventType "swiss"]
[EventRounds "9"]
[EventCountry "RUS"]
[SourceTitle "EXT 2018"]
[Source "ChessBase"]
[SourceDate "2017.10.13"]
[SourceVersion "1"]
[SourceVersionDate "2017.10.13"]
[SourceQuality "1"]

1. e4 c5 2. Nf3 e6 3. c4 Nc6 4. Nc3 Nf6 5. Be2 d5 6. exd5 exd5 7. d4 Be6 8. Be3 cxd4 9. Nxd4 Nxd4 10. Bxd4 dxc4 11. Bf3 Be7 12. Bxb7 Rb8 13. Bc6+ Bd7 14. Bxd7+ Qxd7 15. 0-0 Rxb2 16. Nd5 Rb5 17. Nxe7 Kxe7 18. Bxf6+ gxf6 19. Re1+ Re5 20. Qc2 Qe6 21. Rec1 Re4 22. Kf1 Re8 23. f3 Re5 24. Qxc4 Kf8 25. Qxe6 fxe6 26. Rc7 Re7 27. Rc4 Rb7 28. Rd1 Rh5 29. h3 Rg5 30. Rd2 Kf7 31. Ra4 Rgb5 32. Kg1 R5b6 33. Rd3 a6 34. Rda3 Ra7 35. Ra5 Kg6 36. R3a4 h5 37. Re4 Rd7 38. Re2 Rd4 39. Ra3 Rd5 40. h4 Rd4 1/2-1/2

[Event "Nezhmetdinov Memorial 38th"]
[Site "Kazan"]
[Date "2016.06.01"]
[Round "2"]
[White "Mohammad, Nubairshah Shaikh"]
[Black "Karamov, Stepan"]
[Result "1-0"]
[WhiteElo "2413"]
[BlackElo "1785"]
[PlyCount "61"]
[EventDate "2016.05.31"]
[EventType "swiss"]
[EventRounds "9"]
[EventCountry "RUS"]
[SourceTitle "CBM 172 Extra"]
[Source "ChessBase"]
[SourceDate "2016.06.21"]
[SourceVersion "1"]
[SourceVersionDate "2016.06.21"]
[SourceQuality "1"]

1. c4 e6 2. Nc3 d5 3. d4 c6 4. Nf3 dxc4 5. a4 Bb4 6. e3 b5 7. Bd2 a5 8. axb5 Bxc3 9. Bxc3 cxb5 10. b3 Bb7 11. d5 Nf6 12. bxc4 b4 13. Bxf6 Qxf6 14. Qa4+ Nd7 15. Nd4 Qe7 16. Qb5 Rb8 17. Rxa5 Bxd5 18. Qa4 Bb7 19. c5 0-0 20. c6 Nb6 21. Qc2 Ra8 22. Rxa8 Bxa8 23. Bd3 g6 24. 0-0 Nd5 25. Qc4 Rc8 26. Qa6 Qc7 27. Rc1 Nc3 28. Bb5 Nxb5 29. Nxb5 Qd8 30. c7 Qd7 31. Nd6 1-0

[Event "Nezhmetdinov Memorial 38th"]
[Site "Kazan"]
[Date "2016.05.31"]
[Round "1"]
[White "Karamov, Stepan"]
[Black "Ambartsumova, Karina"]
[Result "1-0"]
[WhiteElo "1785"]
[BlackElo "2307"]
[PlyCount "83"]
[EventDate "2016.05.31"]
[EventType "swiss"]
[EventRounds "9"]
[EventCountry "RUS"]
[SourceTitle "CBM 172 Extra"]
[Source "ChessBase"]
[SourceDate "2016.06.21"]
[SourceVersion "1"]
[SourceVersionDate "2016.06.21"]
[SourceQuality "1"]

1. d4 Nf6 2. c4 d6 3. Nf3 Nbd7 4. Nc3 e5 5. e3 Be7 6. Be2 0-0 7. 0-0 Re8 8. Qc2 Bf8 9. a3 c6 10. b4 a6 11. Bb2 e4 12. Nd2 d5 13. b5 axb5 14. cxb5 c5 15. dxc5 Nxc5 16. Nb3 Nxb3 17. Qxb3 Be6 18. Qc2 Bd6 19. Rfd1 Qc7 20. h3 Qe7 21. a4 Rec8 22. a5 Bb8 23. a6 b6 24. Qd2 Ra7 25. Qd4 Qd6 26. g3 Rd7 27. a7 Bxa7 28. Nxe4 Qe7 29. Nxf6+ Qxf6 30. Qxf6 gxf6 31. Bxf6 Bxh3 32. g4 h5 33. gxh5 Bf5 34. Rdc1 Rdc7 35. Rxc7 Rxc7 36. Be5 Rd7 37. Bg3 Kh7 38. Rd1 Kg7 39. Bf3 Be6 40. Bf4 f5 41. Be5+ Kh7 42. Kh2 1-0

[Event "Urals-ch 74th"]
[Site "Khanty-Mansiysk"]
[Date "2016.03.28"]
[Round "6"]
[White "Karamov, Stepan"]
[Black "Amursakov, Vasily"]
[Result "1-0"]
[WhiteElo "1593"]
[BlackElo "1789"]
[PlyCount "121"]
[EventDate "2016.03.23"]
[EventType "swiss"]
[EventRounds "9"]
[EventCountry "RUS"]
[SourceTitle "CBM 171 Extra"]
[Source "ChessBase"]
[SourceDate "2016.04.26"]
[SourceVersion "1"]
[SourceVersionDate "2016.04.26"]
[SourceQuality "1"]

1. d4 d5 2. c4 c6 3. Nc3 e6 4. Nf3 Bd6 5. Bg5 Nf6 6. e3 Nbd7 7. Qc2 h6 8. Bh4 0-0 9. a3 Qe8 10. cxd5 exd5 11. Bd3 b6 12. 0-0 Bb7 13. b4 Rc8 14. Rfc1 c5 15. bxc5 bxc5 16. Qa4 Bb8 17. Bf5 Bc6 18. Qa6 g5 19. Bg3 Qe7 20. Be5 Bxe5 21. Nxe5 Nb8 22. Nxc6 Rxc6 23. Qb5 a6 24. Qd3 c4 25. Qc2 Nbd7 26. Rcb1 Qd6 27. Qa4 Rc7 28. Rb2 Kg7 29. Qa5 Re8 30. Bc2 g4 31. Na4 h5 32. Rab1 h4 33. g3 hxg3 34. hxg3 Rh8 35. Nb6 Rc6 36. Ba4 Rxb6 37. Rxb6 Nxb6 38. Qxb6 Qxa3 39. Bc2 Qc3 40. Qb2 Qd2 41. Bf5 Qxb2 42. Rxb2 a5 43. Kf1 Ra8 44. Ke2 a4 45. Kd2 a3 46. Ra2 Kf8 47. Kc3 Ke7 48. Kb4 Kd6 49. Rxa3 Rxa3 50. Kxa3 Kc6 51. Kb4 Kb6 52. Ka4 Kc6 53. Ka5 Kd6 54. Kb5 Ke7 55. Kc5 Kf8 56. e4 Nxe4+ 57. Bxe4 dxe4 58. Kxc4 f5 59. Kd5 Kf7 60. Ke5 Kg6 61. d5 1-0